¿Comida o no? - Estadísticas

Estadísticas generales
  • Esta prueba ha sido intentada 87 veces
  • La puntuación promedio es 15 de 20
Estadísticas de respuestas
Hint Respuesta % Correcto
Manzana Comida
99%
Fabada asturiana Comida
95%
Humus Comida
94%
Muffin Comida
92%
Nube de hongo No comida
92%
Mochi Comida
91%
Delicia turca Comida
89%
Brazo de gitano Comida
85%
Mortero No comida
85%
Galleta de mar No comida
82%
Soneto No comida
82%
Shawarma Comida
81%
Diente de león No comida
76%
Stroopwafel Comida
75%
Pan de muerto Comida
75%
Bolzano No comida
71%
Baalbek No comida
54%
Hokkaido No comida
51%
Nuez de Adán No comida
46%
Falstaff No comida
25%
No se encontraron pruebas coincidentes
Distribución de puntuación
Porcentaje de gente con cada puntuación
Porcentaje por número respondido
Historial de tus puntuaciones
No has intentado esta prueba.